Statistics for Towns beginning with J: guess the country

Click here to take the quiz!

General Stats

  • This quiz has been taken 13 times
  • The average score is 13 of 20

Answer Stats

QuestionAnswer% Correct
JakartaIndonesia
100%
JeonjuSouth Korea
92%
JubaSouth Sudan
92%
JönköpingSweden
92%
JinanChina
85%
JalalabadAfghanistan
77%
Jacona de PlancarteMexico
77%
JosNigeria
77%
JuliacaPeru
77%
JamestownUSA
77%
Joao PessoaBrazil
69%
Jastrzebie ZdrojPoland
69%
JyväskyläFinland
62%
JabalpurIndia
62%
JaénSpain
62%
JizzaxUzbekistan
38%
JapekromGhana
31%
JacmelHaiti
23%
JambiIndonesia
23%
JouniehLebanon
23%

Score Distribution

Percentile by Number Answered

Percent of People with Each Score

Your Score History

You have not taken this quiz